[Event "22nd Hogeschool Zeeland Tournament 2018"]
[Site "Vlissingen"]
[Date "2018.08.04"]
[Round "1.30"]
[White "Rijnaarts, Sjef"]
[Black "Nellen, Marcel"]
[Result "1-0"]
[WhiteElo "2339"]
[BlackElo "1770"]
[PlyCount "77"]
[EventDate "2018.08.04"]
[EventCountry "NED"]
[SourceDate "2018.08.04"]

1. e4 e6 2. d4 d5 3. Nc3 b6 4. Bd3 Ne7 5. Nge2 Ba6 6. Bxa6 Nxa6 7. O-O Ng6 8.
exd5 exd5 9. Ng3 Be7 10. Qe2 Nb4 11. Rd1 Qd7 12. a3 Nc6 13. Qf3 Rd8 14. Nf5 Bf6
15. Ne2 O-O 16. g3 Rfe8 17. Be3 Na5 18. b3 Nb7 19. h4 Ne7 20. Nh6+ Kf8 21. Kg2
Ng8 22. Ng4 Nd6 23. Bf4 Ne4 24. c4 c6 25. Rac1 Rc8 26. Ne5 Qe6 27. Re1 g5 28.
hxg5 Nxg5 29. Qh5 h6 30. Rc3 Be7 31. Bxg5 hxg5 32. Rf3 Bf6 33. cxd5 cxd5 34.
Nc3 Rc7 35. Qh7 Bxe5 36. Rxe5 Qc6 37. Rxg5 Nf6 38. Rxf6 Qxf6 39. Rg8+ 1-0

[Event "22nd Hogeschool Zeeland Tournament 2018"]
[Site "Vlissingen"]
[Date "2018.08.04"]
[Round "1.31"]
[White "Naber, Quirine"]
[Black "Rajesh, V.A.V.."]
[Result "0-1"]
[WhiteElo "1759"]
[BlackElo "2325"]
[PlyCount "72"]
[EventDate "2018.08.04"]
[EventCountry "NED"]
[SourceDate "2018.08.04"]

1. e4 e5 2. Nf3 Nc6 3. Bb5 a6 4. Ba4 d6 5. c3 Bd7 6. d3 g6 7. Nbd2 Bg7 8. O-O
Nf6 9. Re1 O-O 10. Nf1 Nh5 11. Bb3 Kh8 12. Ng3 Nxg3 13. hxg3 Bg4 14. Qd2 Qe7
15. Nh2 Be6 16. f4 f5 17. exf5 gxf5 18. Nf3 Bxb3 19. axb3 Qf7 20. b4 Bf6 21.
Kf2 Rg8 22. Rh1 e4 23. dxe4 fxe4 24. Ng1 Rae8 25. Qd1 Ne5 26. Ne2 Ng4+ 27. Kf1
e3 28. Qc2 Rg7 29. Ra5 d5 30. c4 dxc4 31. Rah5 Rd8 32. Nc3 b5 33. Qf5 Bxc3 34.
bxc3 Qxf5 35. Rxf5 Rd1+ 36. Ke2 Rxh1 0-1

[Event "22nd Hogeschool Zeeland Tournament 2018"]
[Site "Vlissingen"]
[Date "2018.08.04"]
[Round "1.32"]
[White "Lefebre, Herve"]
[Black "Alberts, Henk"]
[Result "1-0"]
[WhiteElo "2304"]
[BlackElo "1757"]
[PlyCount "39"]
[EventDate "2018.08.04"]
[EventCountry "NED"]
[SourceDate "2018.08.04"]

1. e4 e5 2. Nf3 Nc6 3. d4 exd4 4. Nxd4 Bc5 5. Nb3 Bb6 6. Nc3 Qf6 7. Qe2 Nge7 8.
Be3 O-O 9. O-O-O Bxe3+ 10. Qxe3 a6 11. f4 d6 12. Be2 Be6 13. g4 h6 14. h4 Bxb3
15. axb3 Rae8 16. g5 Qg6 17. h5 Qe6 18. Bc4 d5 19. Nxd5 Nf5 20. Qf2 1-0

[Event "22nd Hogeschool Zeeland Tournament 2018"]
[Site "Vlissingen"]
[Date "2018.08.04"]
[Round "1.33"]
[White "Steijn, Sjaak"]
[Black "Ree, Hans"]
[Result "0-1"]
[WhiteElo "1753"]
[BlackElo "2303"]
[PlyCount "84"]
[EventDate "2018.08.04"]
[EventCountry "NED"]
[SourceDate "2018.08.04"]

1. d4 g6 2. c4 Bg7 3. Nc3 d6 4. e4 Nf6 5. f4 O-O 6. Nf3 Na6 7. Be2 e5 8. fxe5
dxe5 9. d5 Nc5 10. Qc2 c6 11. O-O cxd5 12. cxd5 Bd7 13. Be3 Rc8 14. Bxc5 Rxc5
15. Kh1 Ng4 16. Qb3 Qc7 17. Ng5 Qb6 18. Qxb6 axb6 19. Bxg4 Bxg4 20. h3 Bd7 21.
Nf3 f6 22. Rfd1 Rd8 23. Ne1 Bf8 24. Nd3 Rc4 25. Rac1 Rdc8 26. Kg1 Bh6 27. Rb1
Be3+ 28. Kf1 Kg7 29. Ke2 Bd4 30. Kf3 f5 31. exf5 Bxc3 32. bxc3 e4+ 33. Ke3 exd3
34. fxg6 hxg6 35. Rxb6 Bf5 36. Rxb7+ Kh6 37. g4 Re8+ 38. Kf3 Be4+ 39. Kf2 Bxd5
40. Rd7 Re2+ 41. Kg1 Rg2+ 42. Kf1 Rf4+ 0-1

[Event "22nd Hogeschool Zeeland Tournament 2018"]
[Site "Vlissingen"]
[Date "2018.08.04"]
[Round "1.34"]
[White "Markus, G."]
[Black "Grochal, J."]
[Result "0-1"]
[WhiteElo "1740"]
[BlackElo "2300"]
[PlyCount "92"]
[EventDate "2018.08.04"]
[EventCountry "NED"]
[SourceDate "2018.08.04"]

1. Nf3 Nf6 2. c4 e6 3. g3 b6 4. Bg2 Bb7 5. O-O Be7 6. Nc3 O-O 7. Qc2 d5 8. cxd5
exd5 9. d4 Re8 10. Bg5 Nc6 11. a3 h6 12. Bxf6 Bxf6 13. e3 Na5 14. Rfe1 Rc8 15.
Nd2 c5 16. Nf3 Nc4 17. Rad1 cxd4 18. Nxd4 Qd7 19. Qf5 Qxf5 20. Nxf5 Nxb2 21.
Nxd5 Nxd1 22. Nxf6+ gxf6 23. Bxb7 Rcd8 24. Nxh6+ Kh7 25. Nf5 Rd2 26. f3 Nf2 27.
Rf1 Nh3+ 28. Kh1 Re5 29. e4 Rb5 30. Ne3 Rbb2 31. Ng4 Nf2+ 32. Nxf2 Rxf2 33.
Rxf2 Rxf2 34. a4 Rxf3 35. Kg2 Rc3 36. Ba6 Rc2+ 37. Kh3 Ra2 38. Bb5 Kg6 39. Bd7
Kg5 40. Be8 a6 41. Bd7 Re2 42. Bc6 Rc2 43. Bd5 b5 44. axb5 axb5 45. Bxf7 b4 46.
Bb3 Rc3 0-1

[Event "22nd Hogeschool Zeeland Tournament 2018"]
[Site "Vlissingen"]
[Date "2018.08.04"]
[Round "1.35"]
[White "Bezemer, Arno"]
[Black "Reichardt, Monica"]
[Result "1-0"]
[WhiteElo "2295"]
[BlackElo "1734"]
[PlyCount "87"]
[EventDate "2018.08.04"]
[EventCountry "NED"]
[SourceDate "2018.08.04"]

1. e4 e6 2. d4 d5 3. Nd2 dxe4 4. Nxe4 Nd7 5. Nf3 Ngf6 6. Nxf6+ Nxf6 7. c3 Be7
8. Bd3 O-O 9. O-O b6 10. Re1 Bb7 11. Bg5 Qd6 12. Qe2 Rad8 13. Rad1 c5 14. Bb1
Qc7 15. Ne5 cxd4 16. cxd4 Nd5 17. Bc1 Bd6 18. a3 Qe7 19. Qd3 g6 20. Qh3 Qf6 21.
Ng4 Qe7 22. Qh6 Bc8 23. Ba2 Nc7 24. h4 Ne8 25. h5 Ng7 26. hxg6 fxg6 27. Bg5 Qf7
28. Bxd8 Rxd8 29. Qh4 Qe7 30. Qxe7 Bxe7 31. d5 Kf8 32. Ne5 a5 33. Nc6 Rd6 34.
Rd3 Bg5 35. Rf3+ Ke8 36. Nd4 Ke7 37. Bb3 Bb7 38. Rh3 h5 39. Nxe6 Nxe6 40. Rxe6+
Rxe6 41. dxe6 Bf6 42. Bc4 Bxb2 43. Rb3 Bd4 44. Rd3 1-0

[Event "22nd Hogeschool Zeeland Tournament 2018"]
[Site "Vlissingen"]
[Date "2018.08.04"]
[Round "1.36"]
[White "De Feijter, Niels"]
[Black "Lammens, Tim"]
[Result "0-1"]
[WhiteElo "1724"]
[BlackElo "2293"]
[PlyCount "92"]
[EventDate "2018.08.04"]
[EventCountry "NED"]
[SourceDate "2018.08.04"]

1. c4 e5 2. Nc3 d6 3. g3 f5 4. Bg2 Nf6 5. d3 Be7 6. b4 O-O 7. Nh3 Qe8 8. Nd5
Nxd5 9. Bxd5+ Kh8 10. O-O e4 11. c5 c6 12. Bb3 Bf6 13. Rb1 d5 14. Nf4 Nd7 15.
d4 g5 16. Ng2 Qh5 17. b5 Bg7 18. f4 h6 19. a4 Nf6 20. Ne3 Bd7 21. Ba2 Qh3 22.
Rb4 Rae8 23. Rf2 Bc8 24. Qf1 Qh5 25. Bd2 Qg6 26. Kg2 gxf4 27. Rxf4 Nh5 28. Nd1
Nxf4+ 29. Bxf4 Bf6 30. e3 h5 31. Nc3 h4 32. Ne2 Qg4 33. Bb3 Rf7 34. Bd1 Rh7 35.
Ng1 Qg6 36. Kf2 Rg8 37. Ne2 hxg3+ 38. hxg3 Bh4 39. Ke1 Bxg3+ 40. Bxg3 Qg5 41.
Qg1 Qh5 42. bxc6 bxc6 43. Rb8 Qh1 44. Kf1 Qf3+ 45. Qf2 Rh1+ 46. Ng1 Ba6+ 0-1

[Event "22nd Hogeschool Zeeland Tournament 2018"]
[Site "Vlissingen"]
[Date "2018.08.04"]
[Round "1.37"]
[White "De Boer, Eelke"]
[Black "Jonkheer, Alex"]
[Result "1-0"]
[WhiteElo "2292"]
[BlackElo "1712"]
[PlyCount "85"]
[EventDate "2018.08.04"]
[EventCountry "NED"]
[SourceDate "2018.08.04"]

1. e4 e6 2. d4 d5 3. Nc3 Nf6 4. Bg5 Be7 5. e5 Nfd7 6. Bxe7 Qxe7 7. f4 a6 8. Nf3
c5 9. Qd2 cxd4 10. Nxd4 Nc6 11. O-O-O Nxd4 12. Qxd4 Qc5 13. Qd2 b5 14. Kb1 Bb7
15. Ne4 Qc7 16. Nd6+ Ke7 17. Qb4 a5 18. Nf5+ Kd8 19. Qe7+ Kc8 20. Nd6+ Kb8 21.
Bxb5 Bc6 22. Rd3 Nb6 23. Qxc7+ Kxc7 24. Rc3 Nc4 25. Nxc4 Bxb5 26. Nd6+ Bc6 27.
Nxf7 Rhe8 28. Ng5 h6 29. Nf3 Kd7 30. Nd4 Rec8 31. Rg3 Rg8 32. Rg6 Rae8 33. f5
Bb7 34. Nxe6 Re7 35. Nc5+ Kc7 36. Nxb7 Kxb7 37. e6 Rf8 38. Rf1 Rf6 39. Rxf6
gxf6 40. Kc1 Kc6 41. Kd2 Kd6 42. Re1 Kc5 43. Kd3 1-0

[Event "22nd Hogeschool Zeeland Tournament 2018"]
[Site "Vlissingen"]
[Date "2018.08.04"]
[Round "1.38"]
[White "Koster, Paul"]
[Black "Peek, Marcel"]
[Result "0-1"]
[WhiteElo "1712"]
[BlackElo "2290"]
[PlyCount "52"]
[EventDate "2018.08.04"]
[EventCountry "NED"]
[SourceDate "2018.08.04"]

1. e4 c5 2. Nf3 Nc6 3. d4 cxd4 4. Nxd4 Nf6 5. Nc3 e5 6. Ndb5 d6 7. Bg5 a6 8.
Na3 b5 9. Nd5 Be7 10. Bxf6 Bxf6 11. c3 Ne7 12. Nxe7 Bxe7 13. g3 Bb7 14. Bg2 f5
15. Qd3 O-O 16. O-O d5 17. exd5 e4 18. Qc2 Qxd5 19. Rfd1 Qe5 20. Qb3+ Kh8 21.
Nc2 f4 22. Rd7 Bc6 23. Rdd1 Bc5 24. Nd4 Bd5 25. Qc2 f3 26. Bf1 e3 0-1

[Event "22nd Hogeschool Zeeland Tournament 2018"]
[Site "Vlissingen"]
[Date "2018.08.04"]
[Round "1.40"]
[White "Hofstee, Piet"]
[Black "Bluhm, Sonja"]
[Result "0-1"]
[WhiteElo "1707"]
[BlackElo "2279"]
[PlyCount "34"]
[EventDate "2018.08.04"]
[EventCountry "NED"]
[SourceDate "2018.08.04"]

1. d4 Nf6 2. c4 g6 3. Nc3 Bg7 4. e4 d6 5. Nge2 O-O 6. Ng3 Nbd7 7. Be2 a6 8. Be3
c5 9. d5 b5 10. cxb5 axb5 11. Bxb5 Ba6 12. Bxa6 Rxa6 13. Qe2 Qa5 14. O-O Rb8
15. Rfd1 Rab6 16. Rd2 Ne8 17. f4 Rxb2 0-1

[Event "22nd Hogeschool Zeeland Tournament 2018"]
[Site "Vlissingen"]
[Date "2018.08.04"]
[Round "1.41"]
[White "Frayna, Janelle May"]
[Black "Brandsma, Romayn"]
[Result "1-0"]
[WhiteElo "2278"]
[BlackElo "1706"]
[PlyCount "51"]
[EventDate "2018.08.04"]
[EventCountry "NED"]
[SourceDate "2018.08.04"]

1. d4 Nf6 2. c4 e6 3. g3 d5 4. Nf3 Be7 5. Bg2 O-O 6. O-O Nbd7 7. Qc2 b6 8. cxd5
exd5 9. Bf4 c5 10. Nc3 Bb7 11. Rfd1 Rc8 12. Rac1 c4 13. Ne5 a6 14. b3 b5 15.
bxc4 bxc4 16. Rb1 Ba8 17. Bh3 Bc6 18. e4 Qa5 19. Nxc6 Rxc6 20. e5 Bb4 21. Bd2
Nxe5 22. dxe5 d4 23. exf6 dxc3 24. Be1 Rxf6 25. Rxb4 Qxb4 26. Bxc3 1-0

[Event "22nd Hogeschool Zeeland Tournament 2018"]
[Site "Vlissingen"]
[Date "2018.08.04"]
[Round "1.42"]
[White "Van Roestel, Jan"]
[Black "Stillger, Berhard"]
[Result "1/2-1/2"]
[WhiteElo "1702"]
[BlackElo "2271"]
[PlyCount "123"]
[EventDate "2018.08.04"]
[EventCountry "NED"]
[SourceDate "2018.08.04"]

1. e4 c5 2. Nc3 Nc6 3. g3 g6 4. Bg2 Bg7 5. d3 d6 6. Be3 Nf6 7. h3 O-O 8. Qd2
Rb8 9. Bh6 Nd4 10. Bxg7 Kxg7 11. Nd1 e5 12. c3 Ne6 13. Ne2 d5 14. Qe3 d4 15.
cxd4 Qa5+ 16. Qd2 Qxd2+ 17. Kxd2 Nxd4 18. Nxd4 exd4 19. Rc1 b6 20. e5 Nh5 21.
Re1 Be6 22. Bf3 f6 23. Bxh5 gxh5 24. h4 fxe5 25. Rxe5 Bg4 26. f4 Rbe8 27. Re4
Bf3 28. Nf2 Bxe4 29. dxe4 a5 30. Kd3 Kf7 31. e5 Rg8 32. Ne4 Ke6 33. Rg1 Ref8
34. Re1 Rg7 35. Kc4 h6 36. Rd1 Kf5 37. Nd6+ Ke6 38. Ne4 Rg6 39. a4 Kf5 40. Kd5
Kg4 41. Rd3 Kh3 42. Kc4 Kg2 43. Rb3 Kf1 44. Kd3 Rc6 45. Nd6 Rd8 46. Nc4 Rg6 47.
Ke4 Ke2 48. Kf5 Rc6 49. Rxb6 Rxb6 50. Nxb6 Kf3 51. e6 d3 52. Nc4 Kxg3 53. Ke5
Kxh4 54. f5 Kg5 55. e7 Ra8 56. Ke6 Ra6+ 57. Kf7 Ra7 58. f6 h4 59. Kf8 Ra8+ 60.
Kf7 Ra7 61. Kf8 Ra8+ 62. Kf7 1/2-1/2

[Event "22nd Hogeschool Zeeland Tournament 2018"]
[Site "Vlissingen"]
[Date "2018.08.04"]
[Round "1.43"]
[White "Kulkarni, Ojas"]
[Black "Andel, Daniël"]
[Result "1-0"]
[WhiteElo "2256"]
[BlackElo "1701"]
[PlyCount "55"]
[EventDate "2018.08.04"]
[EventCountry "NED"]
[SourceDate "2018.08.04"]

1. c4 e5 2. g3 d5 3. cxd5 c6 4. dxc6 Nxc6 5. Bg2 Nf6 6. Nc3 Bc5 7. d3 O-O 8.
Nf3 e4 9. dxe4 Qe7 10. O-O Rd8 11. Qc2 Nb4 12. Qb1 h6 13. a3 Nc6 14. b4 Nxb4
15. axb4 Bxb4 16. Bb2 a5 17. e5 Ne8 18. Rd1 Be6 19. e4 Nc7 20. Nd4 Bc4 21. Nf5
Qe6 22. Ne3 Bb3 23. Rxd8+ Rxd8 24. Ncd5 Nxd5 25. exd5 Qd7 26. Qe4 Rc8 27. e6
fxe6 28. Bh3 1-0

[Event "22nd Hogeschool Zeeland Tournament 2018"]
[Site "Vlissingen"]
[Date "2018.08.04"]
[Round "1.44"]
[White "Koedijk, Klaas-Jan"]
[Black "Afek, Jochanan"]
[Result "0-1"]
[WhiteElo "1699"]
[BlackElo "2248"]
[PlyCount "64"]
[EventDate "2018.08.04"]
[EventCountry "NED"]
[SourceDate "2018.08.04"]

1. e4 c5 2. Nf3 Nc6 3. d4 cxd4 4. Nxd4 g6 5. Nc3 Bg7 6. Be3 Nf6 7. Bc4 Qa5 8.
O-O O-O 9. Bb3 d6 10. f3 Bd7 11. Qd2 Rac8 12. Rae1 a6 13. a3 Rfe8 14. Kh1 Ne5
15. Bh6 Bh8 16. f4 Nc4 17. Bxc4 Rxc4 18. Bg5 Ng4 19. Nde2 Qc5 20. Qd5 Nf2+ 21.
Kg1 Nh3+ 22. Kh1 Nxg5 23. fxg5 Qxd5 24. exd5 Rg4 25. Rf4 Rxg5 26. Ref1 Rf5 27.
g4 Rxf4 28. Rxf4 Rc8 29. h3 f5 30. g5 b5 31. Kg2 a5 32. Kf3 h6 0-1

[Event "22nd Hogeschool Zeeland Tournament 2018"]
[Site "Vlissingen"]
[Date "2018.08.04"]
[Round "1.45"]
[White "Van Baar, Esper"]
[Black "Elgersma, Hanneke"]
[Result "1-0"]
[WhiteElo "2241"]
[BlackElo "1696"]
[PlyCount "145"]
[EventDate "2018.08.04"]
[EventCountry "NED"]
[SourceDate "2018.08.04"]

1. e4 e5 2. Nf3 Nc6 3. d4 exd4 4. Nxd4 Nf6 5. Nxc6 bxc6 6. Qe2 Be7 7. e5 Nd5 8.
Qg4 g6 9. Bh6 d6 10. Qa4 Bd7 11. exd6 cxd6 12. c4 c5 13. Qd1 Nb4 14. a3 Nc6 15.
Nc3 Nd4 16. Nd5 Nf5 17. Bd2 O-O 18. Bc3 Bg5 19. Be2 Bc6 20. Bf3 Bxd5 21. Qxd5
Re8+ 22. Kf1 Rb8 23. g3 Bf6 24. Kg2 Bxc3 25. bxc3 Rb2 26. Kg1 Qf6 27. Rc1 Rb3
28. Qd3 Rxa3 29. Kg2 Ra2 30. Rhe1 Rxe1 31. Rxe1 Ra3 32. Rc1 Kg7 33. h4 a5 34.
Bd5 Ra2 35. Rc2 Rxc2 36. Qxc2 Qd8 37. h5 Qc7 38. Qd2 Qe7 39. g4 Nh6 40. g5 Nf5
41. h6+ Kf8 42. Kf1 a4 43. Qb2 Qa7 44. Qa3 Qd7 45. Bf3 Qe8 46. Bd1 Ne7 47. Bxa4
Qa8 48. Qb3 Nf5 49. Qb5 Qh1+ 50. Ke2 Qe4+ 51. Kd2 Qa8 52. Qd7 Qb8 53. Kc2 Qa8
54. Kd2 Qb8 55. Bb5 Ne7 56. Ke2 Qc8 57. Qxd6 Qe6+ 58. Qxe6 fxe6 59. Ke3 Nf5+
60. Ke4 Ke7 61. Ke5 Nh4 62. Bc6 Nf5 63. f4 Nd6 64. Bb5 Nf5 65. Ba6 Nd6 66. Bb5
Nf5 67. Ba4 Nd6 68. Bb3 Nf5 69. Bc2 Nd6 70. Bd3 Nf7+ 71. Ke4 Nd6+ 72. Ke3 e5
73. fxe5 1-0

[Event "22nd Hogeschool Zeeland Tournament 2018"]
[Site "Vlissingen"]
[Date "2018.08.04"]
[Round "1.46"]
[White "Duivenvoorden, Ben"]
[Black "Muetsch, Annmarie"]
[Result "0-1"]
[WhiteElo "1695"]
[BlackElo "2239"]
[PlyCount "114"]
[EventDate "2018.08.04"]
[EventCountry "NED"]
[SourceDate "2018.08.04"]

1. e4 e5 2. Nf3 Nc6 3. d3 Nf6 4. c3 Be7 5. Be2 O-O 6. O-O d5 7. Qc2 h6 8. Re1
dxe4 9. dxe4 a5 10. b3 Bc5 11. h3 Qe7 12. Bf1 Nh5 13. Be3 Ba7 14. Nbd2 Qf6 15.
Nh2 Nf4 16. Nc4 h5 17. Bxa7 Rxa7 18. Ne3 Be6 19. Rad1 Qg6 20. Kh1 Raa8 21. Nf5
Qf6 22. g3 Ng6 23. Be2 Nge7 24. g4 g6 25. Nxe7+ Nxe7 26. Bf3 hxg4 27. Bxg4 Kg7
28. Re3 Rh8 29. Qe2 Bxg4 30. Nxg4 Qe6 31. Qf3 Rh5 32. Kg2 Rah8 33. Rh1 Nc6 34.
Qg3 b5 35. f3 Rd8 36. Rhe1 a4 37. f4 exf4 38. Qxf4 Qd6 39. Qxd6 Rxd6 40. e5
Rd2+ 41. R1e2 Rxe2+ 42. Rxe2 axb3 43. axb3 Rh8 44. Re3 Nd8 45. Kg3 Ne6 46. Nf2
Ra8 47. b4 Ra3 48. Rd3 c5 49. Kg4 Ra4 50. Kf3 cxb4 51. cxb4 Rxb4 52. Nd1 Nf4
53. Rd7 Nxh3 54. Ne3 Ng5+ 55. Ke2 Ne6 56. Rb7 Rb2+ 57. Kd3 Nc5+ 0-1

[Event "22nd Hogeschool Zeeland Tournament 2018"]
[Site "Vlissingen"]
[Date "2018.08.04"]
[Round "1.47"]
[White "De Waele, Warre"]
[Black "Van der Laar, Andre"]
[Result "1-0"]
[WhiteElo "2237"]
[BlackElo "1692"]
[PlyCount "53"]
[EventDate "2018.08.04"]
[EventCountry "NED"]
[SourceDate "2018.08.04"]

1. d4 Nf6 2. c4 g6 3. Nc3 Bg7 4. e4 d6 5. Nf3 O-O 6. Be2 Nbd7 7. O-O e5 8. Be3
c6 9. d5 c5 10. Ne1 Re8 11. a3 Nf8 12. Nd3 Qe7 13. b4 b6 14. Rb1 Bd7 15. bxc5
dxc5 16. a4 Reb8 17. a5 Qd6 18. f4 Ne8 19. fxe5 Bxe5 20. Nxe5 Qxe5 21. Qd2 Nd6
22. Bf4 Qe7 23. e5 Nf5 24. Ne4 bxa5 25. Rxb8 Rxb8 26. e6 Rb4 27. Bg5 1-0

[Event "22nd Hogeschool Zeeland Tournament 2018"]
[Site "Vlissingen"]
[Date "2018.08.04"]
[Round "1.48"]
[White "Tampe, Alexander"]
[Black "Van den Berg, Bram"]
[Result "0-1"]
[WhiteElo "1689"]
[BlackElo "2221"]
[PlyCount "50"]
[EventDate "2018.08.04"]
[EventCountry "NED"]
[SourceDate "2018.08.04"]

1. e4 d5 2. exd5 Nf6 3. Nf3 Bg4 4. Be2 Qxd5 5. d4 Nc6 6. c3 O-O-O 7. Bf4 e5 8.
dxe5 Qe4 9. Qc1 Nxe5 10. Qe3 Qxe3 11. fxe3 Ng6 12. Bg3 Bc5 13. Nd4 Rhe8 14. Bf2
Bxe2 15. Kxe2 Bxd4 16. cxd4 Rxd4 17. Nc3 Rb4 18. b3 Ne4 19. Be1 Nxc3+ 20. Bxc3
Rbe4 21. Bd2 f5 22. Kf3 Ne5+ 23. Kg3 Ng4 24. Rae1 Nxe3 25. Rxe3 f4+ 0-1

[Event "22nd Hogeschool Zeeland Tournament 2018"]
[Site "Vlissingen"]
[Date "2018.08.04"]
[Round "1.49"]
[White "Van Dommelen, Martin"]
[Black "De Winter, Gerard"]
[Result "1-0"]
[WhiteElo "2192"]
[BlackElo "1687"]
[PlyCount "95"]
[EventDate "2018.08.04"]
[EventCountry "NED"]
[SourceDate "2018.08.04"]

1. e4 c6 2. d4 d5 3. Nc3 dxe4 4. Nxe4 Bf5 5. Ng3 Bg6 6. h4 h6 7. Nf3 Nd7 8. h5
Bh7 9. Bd3 Bxd3 10. Qxd3 e6 11. Bf4 Qa5+ 12. Bd2 Qc7 13. O-O-O Ngf6 14. Ne4
O-O-O 15. Kb1 Be7 16. Nxf6 Bxf6 17. Qa3 Kb8 18. Bb4 Nb6 19. Ba5 Rd7 20. Qb3 Rd5
21. Bb4 Nc8 22. c4 Rd7 23. Bc3 Rhd8 24. Ne5 Bxe5 25. dxe5 Rd3 26. Qc2 Qd7 27.
Rxd3 Qxd3 28. Qxd3 Rxd3 29. Kc2 Rd7 30. Rh4 Ne7 31. Rf4 Nf5 32. g4 Nh4 33. Bb4
Ng2 34. Re4 Rd8 35. Be7 Re8 36. Bd6+ Kc8 37. Kd2 b6 38. b4 Rd8 39. Ke2 Kd7 40.
Kf3 Nh4+ 41. Kg3 g5 42. Rd4 Ke8 43. f4 Ra8 44. Rd3 a5 45. fxg5 hxg5 46. bxa5
Rxa5 47. Ra3 Rxa3+ 48. Bxa3 1-0

[Event "22nd Hogeschool Zeeland Tournament 2018"]
[Site "Vlissingen"]
[Date "2018.08.04"]
[Round "1.50"]
[White "Schreinemachers, Jo"]
[Black "Sparenberg, Erik"]
[Result "0-1"]
[WhiteElo "1684"]
[BlackElo "2173"]
[PlyCount "56"]
[EventDate "2018.08.04"]
[EventCountry "NED"]
[SourceDate "2018.08.04"]

1. d4 d5 2. c4 dxc4 3. Nf3 Nf6 4. e3 e6 5. Bxc4 c5 6. O-O Nc6 7. Qe2 cxd4 8.
exd4 Be7 9. Rd1 O-O 10. Nc3 Nd5 11. a3 a6 12. Nxd5 exd5 13. Ba2 Bf5 14. Bb1
Bxb1 15. Rxb1 Re8 16. Be3 Bf6 17. Qd2 Re4 18. b4 h6 19. Rbc1 Qd7 20. Rc5 Be7
21. Rc2 Bd6 22. Qc1 Rae8 23. Re1 R8e6 24. Rce2 Rg6 25. Qc2 Rxg2+ 26. Kxg2 Qg4+
27. Kh1 Qxf3+ 28. Kg1 Rg4+ 0-1

[Event "22nd Hogeschool Zeeland Tournament 2018"]
[Site "Vlissingen"]
[Date "2018.08.04"]
[Round "1.51"]
[White "Elgersma, Onno"]
[Black "De Bock, Martin"]
[Result "1-0"]
[WhiteElo "2171"]
[BlackElo "1680"]
[PlyCount "79"]
[EventDate "2018.08.04"]
[EventCountry "NED"]
[SourceDate "2018.08.04"]

1. e4 e6 2. d4 d5 3. Nc3 dxe4 4. Nxe4 Bd7 5. Nf3 Bc6 6. Bd3 Nd7 7. O-O Ngf6 8.
Ng3 h6 9. c4 Bxf3 10. Qxf3 c6 11. Rd1 Bd6 12. Be3 O-O 13. a3 Qc7 14. b4 a6 15.
Rab1 Rfe8 16. a4 Bxg3 17. Qxg3 Qxg3 18. hxg3 e5 19. a5 Ng4 20. Bc1 exd4 21. Bb2
c5 22. bxc5 Nxc5 23. Bf5 Nf6 24. Bxd4 Ne6 25. Bxf6 gxf6 26. Rxb7 Rad8 27. Rxd8
Rxd8 28. Bxe6 fxe6 29. Rb6 Kf7 30. Rxa6 Rc8 31. Ra7+ Kg6 32. a6 Rxc4 33. Ra8
Rc1+ 34. Kh2 Ra1 35. g4 e5 36. Kg3 Kf7 37. Kf3 Ra4 38. Kg3 Ke7 39. a7 Kf7 40.
Rh8 1-0